000 00448nam a2200169Ia 4500
003 LK-CoDNM
005 20230916152715.0
008 010623t1880 xxu||||| |||| 00| 1 eng d
040 _aLK-CoDNM
_dLK-CoDNM
_eLK-CoDNM
041 _aeng
080 _a12F13
100 _aCraven,Thomas
245 _aPeople's Dictinary in English and Roman-Urdu
260 _bAmerican Methodist Mission Press
_aLucknow
_c1880
300 _b210p., 16 cm
942 _cBK
999 _c82256
_d82256